000 00694nam a2200217 a 4500
001 000048025
005 20240304173856.0
008 181101s2016 dr c 000 0 spa d
020 _a9789945085181
040 _aDO-SdBNP
_bspa
_cBNPHU
082 _axxxx
_bG984T, 2016
100 1 _aGutiérrez, Franklin,
_d1951-
_9590
245 1 4 _aLas tumbas de los Trujillo /
_cFranklin Gutiérrez.
250 _a2a ed.
260 _aSanto Domingo :
_bBúho,
_c2016.
300 _a147 p. :
_bretrs. ;
_c23 cm.
500 _aIncluye datos biográficos del autor en la solapa de la cubierta
500 _aIncluye notas a pie de páginas
504 _aBibliografía p: 124
590 _aInventariado, 2018/LP
999 _c47513
_d47513